[Event "Trevias op 24th"]
[Site "Trevias"]
[Date "2018.09.17"]
[Round "1"]
[White "Acebal Muniz, Antonio"]
[Black "Mauro Juarez, Benito"]
[Result "1/2-1/2"]
[WhiteElo "2105"]
[BlackElo "1770"]
[PlyCount "26"]
[EventDate "2018.09.17"]
[EventType "swiss"]
[EventRounds "7"]
[EventCountry "ESP"]
[SourceTitle "CBM 186 Extra"]
[Source "ChessBase"]
[SourceDate "2018.08.24"]
[SourceVersion "1"]
[SourceVersionDate "2018.08.24"]
[SourceQuality "1"]

1. Nf3 Nf6 2. c4 e6 3. Nc3 d5 4. d4 c5 5. Bg5 cxd4 6. Nxd4 e5 7. Nf3 d4 8. Nd5 Nc6 9. e4 Be7 10. Bxf6 Bxf6 11. Bd3 Qa5+ 12. Qd2 Qxd2+ 13. Kxd2 Kd8 1/2-1/2

[Event "Tres Cantos op 4th"]
[Site "Tres Cantos"]
[Date "2012.06.29"]
[Round "9"]
[White "Garcia De Quesada, Ignacio"]
[Black "Mauro Juarez, Benito"]
[Result "1-0"]
[WhiteElo "1909"]
[BlackElo "1728"]
[PlyCount "61"]
[EventDate "2012.06.21"]
[EventType "swiss"]
[EventRounds "9"]
[EventCountry "ESP"]
[SourceTitle "CBM 149 Extra"]
[Source "ChessBase"]
[SourceDate "2012.08.24"]
[SourceVersion "1"]
[SourceVersionDate "2012.08.24"]
[SourceQuality "1"]

1. d4 e6 2. c4 Nf6 3. Nc3 c5 4. d5 exd5 5. cxd5 d6 6. e4 g6 7. Nf3 Bg7 8. h3 0-0 9. Bd3 b5 10. Bxb5 Nxe4 11. Nxe4 Qa5+ 12. Bd2 Qxb5 13. Nxd6 Qa6 14. Nxc8 Rxc8 15. Qe2 Qxe2+ 16. Kxe2 Rd8 17. Bc3 Nd7 18. Bxg7 Kxg7 19. Rhd1 Nb6 20. d6 Re8+ 21. Kf1 Rad8 22. Rac1 c4 23. b3 cxb3 24. axb3 Re6 25. Rc7 Rd7 26. Rxd7 Nxd7 27. Nd4 Rxd6 28. Nf5+ gxf5 29. Rxd6 Nb6 30. Ke2 Kf8 31. Kf3 1-0

[Event "Tres Cantos op 4th"]
[Site "Tres Cantos"]
[Date "2012.06.25"]
[Round "5"]
[White "Mauro Juarez, Benito"]
[Black "Campos Palacios, Daniel"]
[Result "0-1"]
[WhiteElo "1728"]
[BlackElo "1896"]
[PlyCount "56"]
[EventDate "2012.06.21"]
[EventType "swiss"]
[EventRounds "9"]
[EventCountry "ESP"]
[SourceTitle "CBM 149 Extra"]
[Source "ChessBase"]
[SourceDate "2012.08.24"]
[SourceVersion "1"]
[SourceVersionDate "2012.08.24"]
[SourceQuality "1"]

1. b3 Nf6 2. Bb2 b6 3. e3 Bb7 4. Nf3 c5 5. Be2 g6 6. g4 h6 7. c4 Bg7 8. Qc2 d6 9. Rg1 Na6 10. a3 Nc7 11. g5 hxg5 12. Nxg5 Rh6 13. Nc3 e5 14. Bf3 Bxf3 15. Nxf3 Qd7 16. Ne4 Nxe4 17. Qxe4 0-0-0 18. Qg4 f5 19. Qg5 Ne6 20. Qg2 e4 21. Bxg7 Qxg7 22. Rb1 exf3 23. Qxf3 Qb7 24. Qg3 Qe4 25. Rb2 Qe5 26. Qg2 Qxb2 27. Qc6+ Nc7 28. Ke2 Qxb3 0-1